| 000 | 01205cam a2200325 a 4500 | ||
|---|---|---|---|
| 008 | |||
| 020 | _a0851992552 (hbk.) | ||
| 049 | _aMAIN | ||
| 090 |
_aSD235.A785 _bDAW |
||
| 100 | 1 | _aDawkins, H. Colyear. | |
| 245 | 1 | 0 |
_aTropical moist forest silviculture and management : _ba history of success and failure / _cH. Colyear Dawkins and Michael S. Philip. |
| 260 |
_aOxon : _bCAB International, _cc1998. |
||
| 300 |
_axviii, 359 p. : _bill., maps ; _c25 cm. |
||
| 500 | _aIncludes index. | ||
| 504 | _aIncludes bibliographical references. | ||
| 650 | 0 |
_aForests and forestry _zSoutheast Asia _xHistory. |
|
| 650 | 0 |
_aForest management _zSoutheast Asia _xHistory. |
|
| 650 | 0 |
_aForest conservation _zSoutheast Asia _xHistory. |
|
| 650 | 0 |
_aForests and forestry _zIndia _xHistory. |
|
| 650 | 0 |
_aForest management _zIndia _xHistory. |
|
| 650 | 0 |
_aForest conservation _zIndia _xHistory. |
|
| 650 | 0 |
_aRain forests _zSoutheast Asia _xHistory. |
|
| 650 | 0 |
_aRain forests _zIndia _xHistory. |
|
| 700 | 1 | _aPhilip, Michael S. | |
| 907 |
_a.b10319086 _b07-05-13 _c01-10-12 |
||
| 003 | |||
| 005 | 20250218160415.0 | ||
| 040 | _cNUST | ||
| 942 |
_cBOOKS _kSD235.A785 _mDAW _01 |
||
| 999 |
_c142021 _d142021 |
||